| 000 | 01110nam a2200253 i 4500 | ||
|---|---|---|---|
| 003 | IT-RoINE | ||
| 005 | 20200909085316.0 | ||
| 008 | 920725s1934 sp r | spa d | ||
| 040 |
_aSpMaBN _cA2 _dIT-RoINE |
||
| 100 | 1 |
_aLlorente, Antonino, _cC.M.F. _967629 |
|
| 245 | 1 | 0 |
_aDevocionario Josefino, o sea Los siete domingos al glorioso patriarca San José : _bseguidos de novena, triduo, ejercicio para el día 19 de cada mes a San José de la Montaña, devoción a la Sagrada Familia y otras prácticas piadosas / _cpor P. Antonino Llorente misionero hijo del Inmaculado Corazón de María. |
| 246 | 3 | 3 | _aSiete domingos al glorioso patriarca San José |
| 250 | _a8ª ed. | ||
| 260 |
_aMadrid : _bCoculsa, _c1934. |
||
| 300 |
_a318 p. : _bil. ; _c14 cm. |
||
| 336 |
_2rdacontent _atext |
||
| 337 |
_2rdamedia _aunmediated |
||
| 338 |
_2rdacarrier _avolume |
||
| 500 | _aGrab. intercal. | ||
| 600 | 0 | 4 |
_aJosé, _cSanto _xLibros de oraciones y devocionarios _968942 |
| 610 | 2 | 4 |
_aSantuario del Inmaculado Corazón de María (Madrid, España) _967631 |
| 650 | 4 |
_94218 _aLiteratura de devoción |
|
| 942 | _cMTS | ||
| 999 |
_c34349 _d34349 |
||